000 00646nam a22002051a 4500
001 10070
003 OSt
005 20260204212144.0
008 070816s2007||||sp ||||||b||||||||||spa||
020 _a8420536512
050 _a333.7 L112e
100 _aLabandeira, Xavier
245 _aEconómia Ambiental / Xavier Lavandeira, Carmelo J. León y María Xosé Vázquez
264 _aEspaña : Pearson Educación
300 _a356p
500 _aIncluye índice y bibliografía
650 _aEconomía Ambiental 2. Medio Ambiente Y Recursos Naturales
700 _aLeón, Carmelo J. II. Vázquez, María Xosé III. Tít.Ì
942 _2ddc
_cBK
999 _c10070
_d10070